| 000 | 00721nam a22002297a 4500 | ||
|---|---|---|---|
| 005 | 20251108172506.0 | ||
| 008 | 250721s9999 xx 000 0 ara d | ||
| 082 | 1 | 4 | _a636.3قاع |
| 100 | 1 | _aقاعود، حسين عبدالحي | |
| 245 | 1 | 0 | _aالعجول والأغنام والماعز والإبل / |
| 264 | 1 |
_aالقاهرة : _bدار المعارف، |
|
| 300 | _a118ص | ||
| 490 | 0 | _aكتاب المعارف العلمي | |
| 650 | 1 | 7 | _aالضأن |
| 650 | 1 | 7 | _aالإبل |
| 650 | 1 | 7 | _aتربية الحيوان |
| 650 | 1 | 7 | _aأمراض الحيوان |
| 650 | 1 | 7 | _aالسقائف |
| 700 | 1 |
_aمرزوق، محمد أنور حسين _eمؤلف مشارك |
|
| 942 |
_2ddc _cBK |
||
| 999 |
_c80730 _d80730 |
||